| 000 | 00736nam a22002292 4500 | ||
|---|---|---|---|
| 001 | 0000000982 | ||
| 005 | 20151217151802.0 | ||
| 008 | 070222s xx 000 0 eng d | ||
| 020 |
_a0929239512 : _cKES 940 |
||
| 040 |
_aKABU _cKABU |
||
| 050 | 0 |
_aBT715 _b.J64 1991 |
|
| 100 | 1 |
_aJohnston, J. Kirk. _@0000149445 |
|
| 245 | 1 | 0 |
_aWhy Christians sin : _bavoiding the dangers of an uncommitted life / _cJ. Kirk Johnston. |
| 260 |
_aGrand Rapids, Michigan : _bDiscovery House Publishers, _c1991. |
||
| 300 |
_a204 p. ; _c21 cm. |
||
| 650 | 0 |
_aSin. _@0000149444 |
|
| 650 | 0 |
_aSalvation. _@0000149446 |
|
| 650 | 0 |
_aSanctification. _@0000149447 |
|
| 908 | _a070222 | ||
| 950 | _@1 | ||
| 999 |
_c5012 _d5012 |
||